[Event "Bosnjaci op 26th"]
[Site "Bosnjaci"]
[Date "2022.01.06"]
[Round "5"]
[White "Boban, Sten"]
[Black "Zovko, Mario"]
[Result "0-1"]
[WhiteElo "2079"]
[BlackElo "2297"]
[PlyCount "120"]
[EventDate "2022.01.03"]
[EventType "swiss"]
[EventRounds "9"]
[EventCountry "CRO"]
[SourceTitle "EXT 2023"]
[Source "ChessBase"]
[SourceDate "2022.10.05"]
[SourceVersion "1"]
[SourceVersionDate "2022.10.05"]
[SourceQuality "1"]

1. d4 Nf6 2. Nf3 c5 3. e3 cxd4 4. exd4 d5 5. Bd3 Nc6 6. c3 g6 7. Bf4 Bg7 8. Nbd2 0-0 9. Ne5 Nd7 10. Qe2 Ndxe5 11. dxe5 Qc7 12. Nf3 Bg4 13. 0-0 Bxf3 14. Qxf3 Bxe5 15. Bxe5 Qxe5 16. Rfe1 Qd6 17. Rad1 e6 18. h4 Rfd8 19. h5 Rac8 20. Re3 e5 21. Qg4 Qf6 22. Rf3 Qg7 23. Bb5 e4 24. Rg3 Ne7 25. Qf4 f6 26. hxg6 hxg6 27. Ba4 Nf5 28. Rh3 Qc7 29. Qg4 Kg7 30. Bb3 Qe5 31. Rh1 b5 32. Qe2 a6 33. g4 Ne7 34. Qe3 g5 35. Qh3 Rh8 36. Qe3 Rxh1+ 37. Kxh1 Rh8+ 38. Kg1 Rh4 39. Kf1 Rxg4 40. Qa7 e3 41. Qxe3 Qxe3 42. fxe3 Re4 43. Bxd5 Nxd5 44. Rxd5 Rxe3 45. Rd6 a5 46. Rd5 Re5 47. Rd7+ Kg6 48. Ra7 a4 49. c4 bxc4 50. Rxa4 Rc5 51. Rb4 c3 52. bxc3 Rxc3 53. a4 Ra3 54. Kg2 f5 55. Rb6+ Kh5 56. Rb5 Kg4 57. a5 Ra2+ 58. Kg1 f4 59. Rc5 Kh4 60. Rf5 Ra4 0-1

[Event "CRO Cup"]
[Site "Mali Losinj"]
[Date "2019.05.17"]
[Round "4.131"]
[White "Bratovic, Blaz"]
[Black "Boban, Sten"]
[Result "1-0"]
[WhiteElo "2348"]
[BlackElo "2143"]
[PlyCount "105"]
[EventDate "2019.05.15"]
[EventType "team-swiss"]
[EventRounds "6"]
[EventCountry "CRO"]
[SourceTitle "CBM 190 Extra"]
[Source "ChessBase"]
[SourceDate "2019.07.15"]
[SourceVersion "1"]
[SourceVersionDate "2019.07.15"]
[SourceQuality "1"]
[WhiteTeam "Krapina"]
[BlackTeam "Nova Gradiska Strmac"]
[WhiteTeamCountry "CRO"]
[BlackTeamCountry "CRO"]

1. Nf3 Nf6 2. c4 e6 3. g3 d5 4. Bg2 Be7 5. 0-0 Nbd7 6. b3 0-0 7. Bb2 Re8 8. e3 c5 9. Nc3 b6 10. Qe2 Bb7 11. d3 a6 12. Ne1 Qc7 13. f4 d4 14. exd4 cxd4 15. Nd1 e5 16. Bxb7 Qxb7 17. fxe5 Bc5 18. Nf3 Nxe5 19. Nxe5 Qc7 20. Rxf6 Rxe5 21. Qf3 Rae8 22. Rf4 Re1+ 23. Kg2 R1e2+ 24. Kh3 Qc8+ 25. Qg4 Qc6 26. Rf2 R2e6 27. Qf3 Qd7 28. Kg2 Re1 29. Bc1 Qe6 30. Bd2 Re2 31. Nb2 Ba3 32. Nd1 a5 33. b4 axb4 34. Rb1 Qe7 35. Rb3 h6 36. h4 Kh7 37. h5 g6 38. Be3 Rxe3 39. Nxe3 dxe3 40. Qxf7+ Qxf7 41. Rxf7+ Kg8 42. Rf1 gxh5 43. Kf3 Rf8+ 44. Ke2 Re8 45. Rbb1 b3 46. axb3 Bc5 47. b4 Bd4 48. Rf4 Rd8 49. Rh1 Bc3 50. c5 bxc5 51. bxc5 Be5 52. Re4 Bxg3 53. Rg1 1-0

[Event "CRO Cup"]
[Site "Mali Losinj"]
[Date "2019.05.16"]
[Round "3.121"]
[White "Boban, Sten"]
[Black "Matko, Ognjen"]
[Result "0-1"]
[WhiteElo "2143"]
[BlackElo "2286"]
[PlyCount "120"]
[EventDate "2019.05.15"]
[EventType "team-swiss"]
[EventRounds "6"]
[EventCountry "CRO"]
[SourceTitle "CBM 190 Extra"]
[Source "ChessBase"]
[SourceDate "2019.07.15"]
[SourceVersion "1"]
[SourceVersionDate "2019.07.15"]
[SourceQuality "1"]
[WhiteTeam "Nova Gradiska Strmac"]
[BlackTeam "Garesnica Mount Trade"]
[WhiteTeamCountry "CRO"]
[BlackTeamCountry "CRO"]

1. d4 Nf6 2. c4 c5 3. d5 e5 4. Nc3 d6 5. e4 Be7 6. Be2 Nbd7 7. g4 h6 8. h4 a6 9. Qa4 Qb6 10. Bd2 Bd8 11. 0-0-0 Qa5 12. Qc2 Nf8 13. f3 Bd7 14. Nh3 h5 15. g5 Ng8 16. Nf2 Ng6 17. Rde1 N8e7 18. Nd3 Qc7 19. f4 b5 20. fxe5 dxe5 21. Be3 bxc4 22. Nxc5 Qa7 23. Bxc4 Bb6 24. N3a4 Bxa4 25. Qxa4+ Kd8 26. d6 Bxc5 27. Qa5+ Kd7 28. Bxc5 Nc6 29. Qa3 Qb7 30. Rh3 Rhb8 31. Bxf7 Nf4 32. Rf3 Nb4 33. Bxb4 Qxb4 34. Qxb4 Rxb4 35. Rxf4 Rc8+ 36. Kb1 exf4 37. e5 f3 38. Rd1 Re4 39. Bd5 Rxe5 40. Bxf3 g6 41. Bb7 Rce8 42. Bxa6 Re1 43. Bb5+ Kd8 44. Kc2 Rxd1 45. Kxd1 Re5 46. Bc6 Re6 47. Kc2 Rxd6 48. Be4 Rd4 49. Bxg6 Rxh4 50. a3 Rh2+ 51. Kc3 h4 52. Be4 h3 53. g6 Rg2 54. Kd3 Rg1 55. Ke2 Ke7 56. b4 h2 57. a4 Rxg6 58. Kd3 Rg3+ 59. Kc2 Rg4 60. Bh1 Rxb4 0-1

[Event "Bosnjaci op 24th"]
[Site "Bosnjaci"]
[Date "2019.01.05"]
[Round "4"]
[White "Klasan, Elvis"]
[Black "Boban, Sten"]
[Result "0-1"]
[WhiteElo "1861"]
[BlackElo "2105"]
[PlyCount "46"]
[EventDate "2019.01.03"]
[EventType "swiss"]
[EventRounds "9"]
[EventCountry "CRO"]
[SourceTitle "CBM 188 Extra"]
[Source "ChessBase"]
[SourceDate "2019.02.28"]
[SourceVersion "1"]
[SourceVersionDate "2019.02.28"]
[SourceQuality "1"]

1. e4 e5 2. Nf3 Nc6 3. Nc3 Bc5 4. d3 d6 5. Be3 Bb6 6. Nd5 Nge7 7. Nxb6 axb6 8. d4 exd4 9. Nxd4 0-0 10. Be2 f5 11. Nxc6 bxc6 12. exf5 Nxf5 13. Bc1 Qf6 14. 0-0 Be6 15. a3 Nd4 16. Bd3 Bd5 17. Be3 Nf3+ 18. Kh1 Qe5 19. gxf3 Bxf3+ 20. Qxf3 Rxf3 21. Kg2 Raf8 22. Be2 Qe4 23. Bd3 Rxf2+ 0-1

[Event "Bosnjaci op 24th"]
[Site "Bosnjaci"]
[Date "2019.01.03"]
[Round "1"]
[White "Boban, Sten"]
[Black "Duda, Dejan"]
[Result "1-0"]
[WhiteElo "2105"]
[BlackElo "1567"]
[PlyCount "43"]
[EventDate "2019.01.03"]
[EventType "swiss"]
[EventRounds "9"]
[EventCountry "CRO"]
[SourceTitle "CBM 188 Extra"]
[Source "ChessBase"]
[SourceDate "2019.02.28"]
[SourceVersion "1"]
[SourceVersionDate "2019.02.28"]
[SourceQuality "1"]

1. d4 d5 2. c4 e6 3. Nc3 Nf6 4. Nf3 Be7 5. g3 0-0 6. Bg2 c5 7. dxc5 Bxc5 8. Bg5 Be7 9. 0-0 h6 10. Bf4 a6 11. Qc2 Nc6 12. Rad1 Qa5 13. cxd5 Nb4 14. Qb3 Nbxd5 15. Be5 Rd8 16. e4 Nxc3 17. Bxc3 Qc7 18. Rc1 Qb8 19. Be5 Qa7 20. Bc7 Rd7 21. Ne5 Rd4 22. Bb6 1-0

[Event "CRO Cup"]
[Site "Mali Losinj"]
[Date "2017.05.13"]
[Round "5.10"]
[White "Boban, Sten"]
[Black "Tomulic, Teo"]
[Result "1-0"]
[WhiteElo "2075"]
[BlackElo "2319"]
[PlyCount "86"]
[EventDate "2017.05.10"]
[EventType "team-swiss"]
[EventRounds "6"]
[EventCountry "CRO"]
[SourceTitle "CBM 178 Extra"]
[Source "ChessBase"]
[SourceDate "2017.06.22"]
[SourceVersion "1"]
[SourceVersionDate "2017.06.22"]
[SourceQuality "1"]
[WhiteTeam "Nova Gradiska Strmac"]
[BlackTeam "Rijeka Junior"]
[WhiteTeamCountry "CRO"]
[BlackTeamCountry "CRO"]

1. d4 Nf6 2. c4 e6 3. Nc3 d5 4. cxd5 exd5 5. Bg5 Be7 6. Qc2 c5 7. e3 Nc6 8. dxc5 0-0 9. a3 d4 10. Rd1 Ng4 11. Bf4 Bxc5 12. Nf3 Qe8 13. Nd5 dxe3 14. Qxc5 exf2+ 15. Kd2 b6 16. Qxc6 Bd7 17. Qd6 Bf5 18. Ne7+ Kh8 19. Kc3 Nf6 20. Ng5 Qa4 21. b3 Qa5+ 22. Qb4 Qxb4+ 23. axb4 Bg4 24. Bc4 Bxd1 25. Rxd1 Rae8 26. Nxf7+ Rxf7 27. Bxf7 f1Q 28. Rxf1 Rxe7 29. Bc4 h6 30. Rd1 Kh7 31. Rd8 Re1 32. Bd3+ g6 33. Rd6 Kg7 34. Bxh6+ Kf7 35. Bg5 Ne4+ 36. Bxe4 Rxe4 37. Rd7+ Ke8 38. Rxa7 Rg4 39. h4 Rxg2 40. Rh7 Rg3+ 41. Kc4 Rg4+ 42. Kb5 Rg3 43. Kxb6 Rxb3 1-0

[Event "CRO-chT U20 25th"]
[Site "Sv Filip i Jakov"]
[Date "2016.03.25"]
[Round "7.4"]
[White "Ivekovic, Bozidar1"]
[Black "Boban, Sten"]
[Result "1-0"]
[WhiteElo "2362"]
[BlackElo "2081"]
[PlyCount "89"]
[EventDate "2016.03.21"]
[EventType "team-tourn"]
[EventRounds "9"]
[EventCountry "CRO"]
[SourceTitle "CBM 171 Extra"]
[Source "ChessBase"]
[SourceDate "2016.04.26"]
[SourceVersion "1"]
[SourceVersionDate "2016.04.26"]
[SourceQuality "1"]

1. d4 d5 2. c4 e6 3. Nc3 Nf6 4. Bf4 Be7 5. e3 a6 6. cxd5 exd5 7. Bd3 Nbd7 8. h3 b5 9. Nf3 Bb7 10. 0-0 0-0 11. Rc1 c5 12. dxc5 Nxc5 13. Bb1 Qb6 14. Nd4 Rfe8 15. b4 Ne6 16. Nxe6 Qxe6 17. Qb3 Bd6 18. Bxd6 Qxd6 19. Rfd1 Rac8 20. Ne2 Qe5 21. Nd4 Ne4 22. Qb2 Nd6 23. Rxc8 Rxc8 24. Rc1 Nc4 25. Qc3 Nd6 26. Qd2 Nc4 27. Qc3 Nd6 28. Qe1 Nc4 29. Bf5 Re8 30. Qc3 Bc8 31. Bxc8 Rxc8 32. Nxb5 Qb8 33. Nd4 g6 34. Qb3 Nd2 35. Rxc8+ Qxc8 36. Qc2 Nc4 37. Qa4 Ne5 38. Qc2 Nc4 39. a4 Qf8 40. Qc3 Qe8 41. b5 axb5 42. axb5 Kf8 43. b6 Ke7 44. Qb4+ Kd8 45. Qc5 1-0

[Event "CRO-chT U20 25th"]
[Site "Sv Filip i Jakov"]
[Date "2016.03.22"]
[Round "3.2"]
[White "Makovec, Bruno"]
[Black "Boban, Sten"]
[Result "1-0"]
[WhiteElo "2242"]
[BlackElo "2081"]
[PlyCount "95"]
[EventDate "2016.03.21"]
[EventType "team-tourn"]
[EventRounds "9"]
[EventCountry "CRO"]
[SourceTitle "CBM 171 Extra"]
[Source "ChessBase"]
[SourceDate "2016.04.26"]
[SourceVersion "1"]
[SourceVersionDate "2016.04.26"]
[SourceQuality "1"]

1. d4 d5 2. Nf3 Nf6 3. c4 e6 4. g3 Bb4+ 5. Bd2 Be7 6. Bg2 c6 7. 0-0 0-0 8. Qc2 b6 9. Bf4 Ba6 10. b3 Nbd7 11. Rd1 Rc8 12. Nc3 Bb4 13. a3 Bxc3 14. Qxc3 c5 15. dxc5 Nxc5 16. Ne5 Nfe4 17. Qb2 f6 18. Nd3 f5 19. Nb4 Bb7 20. cxd5 exd5 21. Nc2 Qe7 22. Rac1 Ne6 23. Be5 Rfe8 24. Ne3 Rxc1 25. Rxc1 N6c5 26. Bd4 Qf7 27. Bxc5 Nxc5 28. b4 Ne4 29. Qd4 f4 30. Nf1 Ba6 31. Bf3 Bb7 32. Rc2 Ng5 33. Bg2 Ne6 34. Qd3 fxg3 35. hxg3 Nc7 36. Ne3 Rf8 37. Nd1 Re8 38. e3 Re6 39. Qd4 Nb5 40. Qd3 Nc7 41. Nc3 Rh6 42. Rd2 Qf6 43. Nxd5 Nxd5 44. Bxd5+ Bxd5 45. Qxd5+ Kf8 46. Qa8+ Kf7 47. Rd7+ Kg6 48. Qe4+ 1-0

[Event "Bosnjaci op 21st"]
[Site "Bosnjaci"]
[Date "2016.01.04"]
[Round "2"]
[White "Zaja, Ivan"]
[Black "Boban, Sten"]
[Result "1-0"]
[WhiteElo "2475"]
[BlackElo "2053"]
[PlyCount "47"]
[EventDate "2016.01.03"]
[EventType "swiss"]
[EventRounds "9"]
[EventCountry "CRO"]
[SourceTitle "CBM 170 Extra"]
[Source "ChessBase"]
[SourceDate "2016.02.25"]
[SourceVersion "1"]
[SourceVersionDate "2016.02.25"]
[SourceQuality "1"]

1. d4 Nf6 2. c4 e6 3. Nf3 d5 4. Bg5 Nbd7 5. Nc3 Bb4 6. e3 0-0 7. cxd5 exd5 8. Bd3 c5 9. 0-0 Bxc3 10. bxc3 c4 11. Bf5 Qa5 12. Qc2 Re8 13. Nd2 g6 14. Bxd7 Nxd7 15. f3 Nb6 16. Rab1 Bf5 17. e4 dxe4 18. fxe4 Bg4 19. e5 Be2 20. Ne4 Bd3 21. Nf6+ Kh8 22. Qf2 Rxe5 23. dxe5 Qxe5 24. Qh4 1-0

[Event "CRO-ch U19"]
[Site "Krapinske Toplice"]
[Date "2015.07.31"]
[Round "9"]
[White "Djuric, Petar1"]
[Black "Boban, Sten"]
[Result "1/2-1/2"]
[WhiteElo "1997"]
[BlackElo "2023"]
[PlyCount "33"]
[EventDate "2015.07.25"]
[EventType "swiss"]
[EventRounds "9"]
[EventCountry "CRO"]
[SourceTitle "CBM 167 Extra"]
[Source "ChessBase"]
[SourceDate "2015.09.14"]
[SourceVersion "1"]
[SourceVersionDate "2015.09.14"]
[SourceQuality "1"]

1. e4 e5 2. Nf3 Nf6 3. Nc3 Nc6 4. Bc4 Bc5 5. d3 d6 6. h3 h6 7. 0-0 0-0 8. a3 Be6 9. Ba2 Bxa2 10. Nxa2 d5 11. exd5 Nxd5 12. c4 Nf4 13. Bxf4 exf4 14. b4 Bd4 15. Rb1 Ne5 16. Nxe5 Bxe5 17. Qf3 1/2-1/2

[Event "CRO-ch U19"]
[Site "Krapinske Toplice"]
[Date "2015.07.28"]
[Round "6"]
[White "Matanovic, Luka"]
[Black "Boban, Sten"]
[Result "1-0"]
[WhiteElo "2189"]
[BlackElo "2023"]
[PlyCount "81"]
[EventDate "2015.07.25"]
[EventType "swiss"]
[EventRounds "9"]
[EventCountry "CRO"]
[SourceTitle "CBM 167 Extra"]
[Source "ChessBase"]
[SourceDate "2015.09.14"]
[SourceVersion "1"]
[SourceVersionDate "2015.09.14"]
[SourceQuality "1"]

1. e4 e5 2. Nf3 Nc6 3. Nc3 Nf6 4. Bb5 a6 5. Bxc6 dxc6 6. Nxe5 Nxe4 7. Nxe4 Qd4 8. 0-0 Qxe5 9. Re1 Be6 10. d4 Qf5 11. Ng3 Qf6 12. c3 0-0-0 13. b4 h5 14. Qd3 h4 15. Ne4 Qg6 16. h3 Bf5 17. Kf1 Re8 18. f3 Bd6 19. Bd2 Bg3 20. Re2 Re6 21. Be1 Rhe8 22. Bxg3 Qxg3 23. Nd6+ Qxd6 24. Qxf5 Qd7 25. Rxe6 Rxe6 26. Qg4 Qd5 27. Qxg7 Qc4+ 28. Kg1 Qxc3 29. Qg8+ Kd7 30. Qxf7+ Re7 31. Qf5+ Kd8 32. Qf8+ Kd7 33. Qf5+ Kd8 34. Rf1 Qxd4+ 35. Kh1 Re2 36. f4 Rf2 37. Qf8+ Kd7 38. Re1 Re2 39. Qf7+ Kd6 40. Qg6+ Kd5 41. Qh5+ 1-0

[Event "CRO-ch U19"]
[Site "Krapinske Toplice"]
[Date "2015.07.26"]
[Round "2"]
[White "Boban, Sten"]
[Black "Sokac, Marko"]
[Result "1/2-1/2"]
[WhiteElo "2023"]
[BlackElo "2298"]
[PlyCount "108"]
[EventDate "2015.07.25"]
[EventType "swiss"]
[EventRounds "9"]
[EventCountry "CRO"]
[SourceTitle "CBM 167 Extra"]
[Source "ChessBase"]
[SourceDate "2015.09.14"]
[SourceVersion "1"]
[SourceVersionDate "2015.09.14"]
[SourceQuality "1"]

1. d4 Nf6 2. c4 e6 3. g3 c5 4. e3 Be7 5. Bg2 0-0 6. Nf3 cxd4 7. exd4 d5 8. 0-0 Nbd7 9. cxd5 Nxd5 10. Nc3 N7b6 11. Qe2 Bd7 12. Ne5 Be8 13. Be3 Bf6 14. Rac1 Bxe5 15. dxe5 Bc6 16. Rfd1 Nxc3 17. Rxc3 Nd5 18. Rcc1 Qa5 19. a3 Rfd8 20. Bg5 Rd7 21. Qh5 Qa4 22. b4 Qxa3 23. Rc4 g6 24. Qh6 Ne3 25. Rdc1 Nf5 26. Bxc6 bxc6 27. Qh3 Nd4 28. Qh6 Nf3+ 29. Kg2 Nxg5 30. Qxg5 Rc8 31. Rxc6 Rxc6 32. Rxc6 Qxb4 33. Rc8+ Kg7 34. Qf6+ Kh6 35. Rd8 Qe4+ 36. Kh3 Rxd8 37. Qxd8 Qf5+ 38. Kg2 Qxe5 39. Qf8+ Qg7 40. Qe7 f6 41. Qxe6 Qb7+ 42. Kg1 Kg7 43. Qa2 Qb6 44. Qa4 h5 45. Qd7+ Kh6 46. h4 g5 47. Qf7 a5 48. Qf8+ Kg6 49. Qg8+ Kh6 50. Qh8+ Kg6 51. Qg8+ Kf5 52. Qd5+ Kg6 53. Qg8+ Kf5 54. Qd5+ Kg6 1/2-1/2

[Event "CRO-CupT final"]
[Site "Sibenik"]
[Date "2015.05.22"]
[Round "4.9"]
[White "Boban, Sten"]
[Black "Galic, Ivan"]
[Result "0-1"]
[WhiteElo "2026"]
[BlackElo "2400"]
[PlyCount "62"]
[EventDate "2015.05.20"]
[EventType "team-swiss"]
[EventRounds "6"]
[EventCountry "CRO"]
[SourceTitle "CBM 166 Extra"]
[Source "ChessBase"]
[SourceDate "2015.06.18"]
[SourceVersion "1"]
[SourceVersionDate "2015.06.18"]
[SourceQuality "1"]
[WhiteTeam "Nova Gradiska"]
[BlackTeam "Dubrovnik"]
[WhiteTeamCountry "CRO"]
[BlackTeamCountry "CRO"]

1. d4 Nf6 2. Nf3 e6 3. c4 d5 4. Nc3 Be7 5. Bf4 0-0 6. h3 dxc4 7. e3 Nd5 8. Bxc4 Nxf4 9. exf4 Nc6 10. Qd2 a6 11. 0-0 b5 12. Bd3 Bb7 13. Rfe1 Nb4 14. Be4 Nd5 15. f5 b4 16. Ne2 exf5 17. Bxf5 Nf6 18. Ne5 c5 19. Rad1 Qa5 20. Qc2 Rad8 21. Ng3 Qc7 22. Ng4 g6 23. Qc1 Nxg4 24. Bxg4 Bd6 25. dxc5 Bxc5 26. Nf5 Qb6 27. Rxd8 Rxd8 28. Ne3 Bd4 29. Nd1 Qd6 30. Qc4 Qf4 31. Ne3 Bxe3 0-1

[Event "Osijek op"]
[Site "Osijek"]
[Date "2015.03.07"]
[Round "6"]
[White "Dzaja, Martin Zorislav"]
[Black "Boban, Sten"]
[Result "0-1"]
[WhiteElo "1953"]
[BlackElo "2013"]
[PlyCount "64"]
[EventDate "2015.03.05"]
[EventType "swiss"]
[EventRounds "7"]
[EventCountry "CRO"]
[SourceTitle "CBM 165 Extra"]
[Source "ChessBase"]
[SourceDate "2015.04.21"]
[SourceVersion "1"]
[SourceVersionDate "2015.04.21"]
[SourceQuality "1"]

1. e4 e5 2. Bc4 Nf6 3. d3 c6 4. Nf3 Be7 5. 0-0 d6 6. h3 0-0 7. c3 Qc7 8. Re1 Rd8 9. Bb3 Nbd7 10. d4 h6 11. Nbd2 Nf8 12. Nf1 c5 13. Ng3 b5 14. Nh4 d5 15. dxe5 Nxe4 16. Qf3 c4 17. Bc2 Bxh4 18. Nxe4 Qxe5 19. Bf4 Qf5 20. g4 Qg6 21. Re2 Bf5 22. Nf6+ Qxf6 23. Bxf5 Ng6 24. Bc7 Rdc8 25. Qxd5 Ne7 26. Rxe7 Qxe7 27. Bxc8 Rxc8 28. Bf4 Qe2 29. Qd2 Bxf2+ 30. Kh1 Qf3+ 31. Kh2 Re8 32. Rf1 Re2 0-1

[Event "Osijek op"]
[Site "Osijek"]
[Date "2015.03.06"]
[Round "3"]
[White "Ljikar, Zoran"]
[Black "Boban, Sten"]
[Result "1-0"]
[WhiteElo "2230"]
[BlackElo "2013"]
[PlyCount "43"]
[EventDate "2015.03.05"]
[EventType "swiss"]
[EventRounds "7"]
[EventCountry "CRO"]
[SourceTitle "CBM 165 Extra"]
[Source "ChessBase"]
[SourceDate "2015.04.21"]
[SourceVersion "1"]
[SourceVersionDate "2015.04.21"]
[SourceQuality "1"]

1. d4 d5 2. Nc3 e6 3. e4 dxe4 4. Nxe4 Nd7 5. Nf3 Ngf6 6. Bg5 Be7 7. Bxf6 Nxf6 8. Nxf6+ Bxf6 9. c3 b6 10. Bd3 Bb7 11. Qe2 a5 12. 0-0-0 0-0 13. h4 Qe7 14. g4 Qd6 15. Qe3 Qd5 16. Rh3 Qxa2 17. Ne5 Bxe5 18. dxe5 g6 19. Rh2 a4 20. Qh3 h5 21. gxh5 Qa1+ 22. Kc2 1-0

[Event "Bosnjaci op 20th"]
[Site "Bosnjaci"]
[Date "2015.01.08"]
[Round "8"]
[White "Boban, Sten"]
[Black "Monjac, Mislav"]
[Result "1/2-1/2"]
[WhiteElo "1993"]
[BlackElo "2162"]
[PlyCount "123"]
[EventDate "2015.01.03"]
[EventType "swiss"]
[EventRounds "9"]
[EventCountry "CRO"]
[SourceTitle "CBM 164 Extra"]
[Source "ChessBase"]
[SourceDate "2015.03.02"]
[SourceVersion "1"]
[SourceVersionDate "2015.03.02"]
[SourceQuality "1"]

1. d4 Nf6 2. Nf3 e6 3. c4 c5 4. e3 b6 5. Be2 Bb7 6. 0-0 d6 7. b3 Nbd7 8. Bb2 Be7 9. Nbd2 0-0 10. Re1 Qc7 11. Rc1 Rac8 12. Bd3 a6 13. e4 cxd4 14. Nxd4 Rfd8 15. Re3 Qb8 16. Rg3 Nc5 17. Bb1 d5 18. exd5 Bd6 19. Rh3 Be5 20. Bxh7+ Kf8 21. Bb1 exd5 22. Bf5 g6 23. Bxc8 Qxc8 24. Rh8+ Ng8 25. Rh3 dxc4 26. Nxc4 Bxd4 27. Bxd4 Ne6 28. Rd3 Nf4 29. Bg7+ Kxg7 30. Rxd8 Qc5 31. Qd4+ Qxd4 32. Rxd4 Ne2+ 33. Kf1 Nxd4 34. Nxb6 Nf6 35. f3 Ne6 36. Kf2 Kf8 37. Rd1 Ke7 38. g4 g5 39. Kg3 Ke8 40. Nc4 Ke7 41. Ne3 Ng7 42. Rd4 Nd7 43. Nd5+ Ke8 44. Nc7+ Kd8 45. Nd5 Ke8 46. Nc3 Ne6 47. Ra4 Ke7 48. Ne4 f6 49. h4 gxh4+ 50. Kxh4 Ne5 51. Kg3 Ng5 52. Nc5 Bxf3 53. Nxa6 Ne4+ 54. Kf4 Nc3 55. Ra5 Bxg4 56. a3 Be6 57. Nc5 Bd5 58. b4 Ne2+ 59. Kf5 Nd4+ 60. Kf4 Ne2+ 61. Ke3 Nc4+ 62. Kxe2 1/2-1/2

[Event "CRO-chT U20 23rd"]
[Site "Sv Filip i Jakov"]
[Date "2014.04.15"]
[Round "3.2"]
[White "Monjac, Mislav"]
[Black "Boban, Sten"]
[Result "1-0"]
[WhiteElo "2137"]
[BlackElo "1960"]
[PlyCount "87"]
[EventDate "2014.04.14"]
[EventType "team-tourn"]
[EventRounds "11"]
[EventCountry "CRO"]
[SourceTitle "EXT 2016"]
[Source "ChessBase"]
[SourceDate "2015.10.08"]
[SourceVersion "1"]
[SourceVersionDate "2015.10.08"]
[SourceQuality "1"]

1. e4 e5 2. Nf3 Nc6 3. Bc4 Bc5 4. c3 Nf6 5. d3 0-0 6. Bb3 d5 7. Qe2 h6 8. h3 Be6 9. Nbd2 Nh5 10. Nf1 dxe4 11. dxe4 Bxb3 12. axb3 Qf6 13. N1h2 Qe6 14. b4 Bb6 15. g4 Nf4 16. Bxf4 exf4 17. 0-0-0 Qa2 18. g5 h5 19. Nd2 Rad8 20. Kc2 Rxd2+ 21. Qxd2 Qc4 22. Kb1 Qxe4+ 23. Qc2 Qxc2+ 24. Kxc2 Bxf2 25. Rhf1 Bg3 26. Nf3 Re8 27. Rd7 Ne7 28. Rfd1 Nf5 29. Rd8 Kf8 30. R1d7 Rxd8 31. Rxd8+ Ke7 32. Rb8 Nh4 33. Nxh4 Bxh4 34. Rxb7 Kd6 35. Rb5 g6 36. Kd3 f5 37. gxf6 Bxf6 38. Ke4 g5 39. h4 g4 40. Kxf4 Bxh4 41. Rxh5 Be1 42. Kxg4 Bd2 43. Rh1 Kc6 44. Kf3 1-0

[Event "CRO-chT U20 23rd"]
[Site "Sv Filip i Jakov"]
[Date "2014.04.14"]
[Round "1.1"]
[White "Boban, Sten"]
[Black "Blazeka, Matej"]
[Result "0-1"]
[WhiteElo "1960"]
[BlackElo "2318"]
[PlyCount "88"]
[EventDate "2014.04.14"]
[EventType "team-tourn"]
[EventRounds "11"]
[EventCountry "CRO"]
[SourceTitle "EXT 2016"]
[Source "ChessBase"]
[SourceDate "2015.10.08"]
[SourceVersion "1"]
[SourceVersionDate "2015.10.08"]
[SourceQuality "1"]

1. d4 Nf6 2. Nf3 e6 3. e3 b6 4. Bd3 Bb7 5. Nbd2 d5 6. Ne5 Bd6 7. f4 0-0 8. 0-0 c5 9. c3 Ne4 10. Qg4 f5 11. Qh5 Ba6 12. Bxa6 Nxa6 13. Rf3 Nf6 14. Qh4 Nb8 15. Rh3 h6 16. Ndf3 Ne4 17. Qh5 Qe8 18. Qh4 Be7 19. Qe1 Nc6 20. Qe2 Nxe5 21. Nxe5 Bd6 22. Nf3 b5 23. dxc5 Bxc5 24. Nd4 Rb8 25. a4 b4 26. c4 Bxd4 27. exd4 dxc4 28. Qxc4 Qd7 29. Rd3 Rfc8 30. Qb3 Qd5 31. Qd1 Rc6 32. Bd2 a5 33. b3 Rbc8 34. Rc1 Rxc1 35. Bxc1 Nc3 36. Qc2 Qe4 37. Be3 Rc6 38. Kf2 Nxa4 39. Qe2 Nc3 40. Qf1 Nd5 41. Qe2 Kf7 42. h3 Ke7 43. g4 fxg4 44. hxg4 Nxf4 0-1

[Event "CRO-chT U20 23rd"]
[Site "Sv Filip i Jakov"]
[Date "2014.04.14"]
[Round "2.6"]
[White "Boban, Sten"]
[Black "Petrusic, Toni"]
[Result "0-1"]
[WhiteElo "1960"]
[BlackElo "2303"]
[PlyCount "52"]
[EventDate "2014.04.14"]
[EventType "team-tourn"]
[EventRounds "11"]
[EventCountry "CRO"]
[SourceTitle "EXT 2016"]
[Source "ChessBase"]
[SourceDate "2015.10.08"]
[SourceVersion "1"]
[SourceVersionDate "2015.10.08"]
[SourceQuality "1"]

1. d4 d6 2. Nf3 g6 3. Bg5 Bg7 4. e3 Nf6 5. Bd3 Nbd7 6. Nbd2 0-0 7. 0-0 b6 8. e4 e5 9. c3 h6 10. Bxf6 Qxf6 11. Qa4 Nb8 12. d5 Qe7 13. Rfe1 f5 14. exf5 gxf5 15. Nh4 Qg5 16. Nhf3 Qf6 17. Bf1 Bb7 18. Bc4 a6 19. Qd1 b5 20. Qb3 Nd7 21. Bf1 Nc5 22. Qb4 Bxd5 23. c4 Bc6 24. cxb5 axb5 25. Nb3 e4 26. Nfd4 Ra4 0-1